| 000 | 00453nam a2200145 a 4500 | ||
|---|---|---|---|
| 001 | 000026868 | ||
| 005 | 20200930030447.0 | ||
| 008 | 110328s1940 dr 000 0 spa d | ||
| 040 |
_aDO-SdBNP _bspa _cBNPHU |
||
| 100 | 1 |
_aJ. M. Brossa _953981 |
|
| 245 | 1 | 0 |
_aContabilidad teneduria de libros y prácticas comerciales / _cBrosa, J. M. |
| 260 |
_aCiudad Trujillo, República Dominicana : _b[s.n.], _c1940. |
||
| 300 |
_a170, vi p. ; _c30 cm. |
||
| 049 | _aBNPD | ||
| 999 |
_c26360 _d26360 |
||